skbl

Dr Suryya Kumar Bhuyan Library Web-OPAC
ডঃ সূৰ্য্য
কুমাৰ ভূঞা পুথিভঁৰাল ৱেব-অ'পেক

All Research Scholars are advised to clear the annual library fees to continue using Library Resources, Remote Access, Plagiarism Test and Library Clearance.

Cotton University Book Fair 2026

Stereochemistry Conformation and Mechanism / (Record no. 23253)

MARC details
000 -LEADER
fixed length control field 00879nam a2200337Ia 4500
001 - CONTROL NUMBER
control field 23271
005 - DATE AND TIME OF LATEST TRANSACTION
control field 20240114000716.0
007 - PHYSICAL DESCRIPTION FIXED FIELD--GENERAL INFORMATION
fixed length control field ta
008 - FIXED-LENGTH DATA ELEMENTS--GENERAL INFORMATION
fixed length control field 060325s2003 g b000 u 465 u
020 ## - INTERNATIONAL STANDARD BOOK NUMBER
International Standard Book Number 81-224-1484-2
040 ## - CATALOGING SOURCE
Original cataloging agency Cotton College,Assam
041 ## - LANGUAGE CODE
Language code of text/sound track or separate title 465
082 ## - DEWEY DECIMAL CLASSIFICATION NUMBER
Classification number 541.223
Item number Ka 127 St
100 ## - MAIN ENTRY--PERSONAL NAME
Personal name Kalsi, P.K. .
245 #0 - TITLE STATEMENT
Title Stereochemistry Conformation and Mechanism /
Statement of responsibility, etc. P.K.Kalsi.
Medium Textual Documents
250 ## - EDITION STATEMENT
Edition statement 5th ed. /
260 ## - PUBLICATION, DISTRIBUTION, ETC.
Place of publication, distribution, etc. New Delhi :
Name of publisher, distributor, etc. New Age International ( P ) Limited ,
Date of publication, distribution, etc. 2003.
300 ## - PHYSICAL DESCRIPTION
Extent xviii,589p. ;
Dimensions 24cm.
504 ## - BIBLIOGRAPHY, ETC. NOTE
Bibliography, etc. note Index
653 ## - INDEX TERM--UNCONTROLLED
Uncontrolled term Chemistry
653 ## - INDEX TERM--UNCONTROLLED
Uncontrolled term Stereochemistry
653 ## - INDEX TERM--UNCONTROLLED
Uncontrolled term Mechanism
653 ## - INDEX TERM--UNCONTROLLED
Uncontrolled term G-Chemistry
653 ## - INDEX TERM--UNCONTROLLED
Uncontrolled term PG-Chemistry
653 ## - INDEX TERM--UNCONTROLLED
Uncontrolled term Deptt-Chemistry
942 ## - ADDED ENTRY ELEMENTS (KOHA)
Source of classification or shelving scheme Dewey Decimal Classification
Koha item type Books
Holdings
Withdrawn status Lost status Damaged status Not for loan Collection Home library Current library Date acquired Coded location qualifier Total checkouts Full call number Barcode Date last seen Copy number Price effective from Koha item type Total renewals Date last checked out
          Dr. Suryya Kumar Bhuyan Library Dr. Suryya Kumar Bhuyan Library 01/02/2012 00000   541.223 Ka 127 St 588/Che 14/01/2024 2 01/02/2012 Books    
          Dr. Suryya Kumar Bhuyan Library Dr. Suryya Kumar Bhuyan Library 01/02/2012 00000   541.223 Ka 127 St 586/Che 14/01/2024 3 01/02/2012 Books    
          Dr. Suryya Kumar Bhuyan Library Dr. Suryya Kumar Bhuyan Library 01/02/2012 00000 1 541.223 Ka 127 St 587/Che 09/04/2025 1 01/02/2012 Books 1 04/03/2025

Designed and Maintained by Team SKBL
©1901-2026

Powered by Koha